00391nam a2200133 a 450000500170000000800410001704100080005804400070006610000270007324500570010024600630015726000260022030000110024620140313151228.0140313b1994 ve ||||| |||| 00| 0 eng d aeng ave aMago Leccia, Francisco aElectric fishes of the continental waters of America aPeces eléctricos de las aguas continentales de América aCaracasbFODECIc1994 a206 p.